| 000 | 00800nam a2200253 i 4500 | ||
|---|---|---|---|
| 001 | bg | ||
| 100 | 1 |
_aHulboj, Stanisław _d(1942- ). |
|
| 245 | 1 | 0 |
_aObróbka ubytkowa / _cStanisław Hulboj. |
| 260 |
_aCzęstochowa : _bWydaw. PC, _c1997. |
||
| 300 |
_a229, [1] s., [1] k. tabl. złoż. : _brys., wykr. ; _c24 cm. |
||
| 490 | 1 |
_aSkrypty Politechniki Częstochowskiej, _x1234-9909 ; _v27 |
|
| 504 | _aBibliogr. s. 229-[230]. | ||
| 650 | 9 | _aSkrawanie | |
| 655 | _aPodręczniki akademickie | ||
| 710 | 0 | _aPOLITECHNIKA CZĘSTOCHOWSKA (Częstochowa) | |
| 830 |
_aSkrypty Politechniki Częstochowskiej, _x1234-9909 ; |
||
| 020 | _a8371930054 | ||
| 040 | _cBPK | ||
| 041 | 0 | _apl | |
| 080 | _a621.9(075.8) | ||
| 920 | _a83-7193-005-4 | ||
| 942 | _cKS | ||
| 008 | s pl f |000 0 pol | ||
| 999 |
_c33148 _d33148 |
||
| 856 |
_uhttp://koha.tu.koszalin.pl/cgi-bin/koha/opac-detail.pl?biblionumber=33148 _yKatalog online BPK |
||